| 000 | 00662nam a2200181 i 4500 | ||
|---|---|---|---|
| 001 | 173484 | ||
| 003 | ES-MaACL | ||
| 005 | 20230906215243.0 | ||
| 008 | 091203s1942 pr f |||| |dspa d | ||
| 080 | _a929.1(729.5) | ||
| 100 | 1 |
_aRamírez Brau, Enrique. _9153613 |
|
| 245 | 1 | 0 |
_aOrigenes portorriqueños _b: (Don Antonio Ramírez de Arellano y sus descendientes). _pdel año 1653 al 1853 / _cpor Enrique Ramírez Brau. |
| 260 |
_aSan Juan [Puerto Rico : _bs.n.], _c1942 ( _fImp. Baldrich) |
||
| 300 |
_a243 p. : _b10 h. de lám. ; _c25 cm. |
||
| 594 | _aDatos tomados de cub. | ||
| 651 | 4 |
_aPuerto Rico- _xGenealogía. _9163232 |
|
| 852 |
_aES-MaACL _jC-56968 |
||
| 999 |
_c173484 _d173484 |
||